| 000 | 00762nam a2200193Ia 4500 | ||
|---|---|---|---|
| 003 | GCL | ||
| 008 | 140319s9999 xx 000 0 ara d | ||
| 040 |
_aGCL / _cGCL |
||
| 082 | 0 | 4 |
_a811.009 _bم م |
| 100 | 1 | _aالمرزبانى : ابو عبيد الله محمد بن عمران بن موسى | |
| 245 | 1 | 0 |
_aالموشح: مأخذ العلماء على الشعراء فى عدة انواع من صناعة الشعر / _cالمرزبانى : ابو عبيد الله محمد بن عمران بن موسى |
| 700 | 1 | _aعلى محمد البجاوى | |
| 260 |
_a[S.N] : _bدار الفكر العربى |
||
| 490 | _a | ||
| 650 | 0 | 4 | _aالادب العربى |
| 650 | 0 | 4 | _aالشعراء العرب |
| 650 | 0 | 4 | _aتاريخ ونقد |
| 942 |
_2ddc _cBK |
||
| 999 |
_c32962 _d32962 |
||